| 000 | 00414nam a22001337a 4500 | ||
|---|---|---|---|
| 999 |
_c330635 _d330635 |
||
| 003 | NUST | ||
| 005 | 20170726184747.0 | ||
| 008 | 170726b xxu||||| |||| 00| 0 eng d | ||
| 020 | _a9789693523010 | ||
| 040 | _cNUST | ||
| 082 |
_a801.954 _bNAH |
||
| 100 |
_aKishwar Naheed _93586 |
||
| 245 |
_aZakhm Bardashta Pakistan Kahani _cby Kishwar Naheed |
||
| 260 |
_aLahore _bSang e Meel _c2010. |
||
| 300 |
_b22cm. _a244 p. |
||
| 500 | _aColumns | ||
| 546 | _aIn Urdu | ||
| 650 |
_aUrdu Literature _vColumns _93587 |
||
| 880 |
_6100-01\(3\r _aکشور ناہید |
||
| 880 |
_6245-02\(3\r _aزخم برداشتہ: _bپاکستان کہانی |
||
| 880 |
_6260-03\(3\r _aلاہور: _bسنگ میل پبلی کیشنز، _c2010 |
||
| 942 |
_cBK _2ddc |
||